Szczegóły MARC21

Odpowiedzialność osób zarządzających podmiotami gospodarczymi : ujęcie publicznoprawne /

003 -Nazwa inst., której nr kontr. jest w polu 001 [,]
    • @
    • Nazwa instytucji, której n kontrolny jest w polu 001
    • NUKAT
005 -DATA I CZAS OSTATNIEJ MODYFIKACJI [,]
    • @
    • pole kontrolne
    • 20250911013050.0
020 -Międzynarod. znormalizowany nr książki - ISBN [ , ]
    • a
    • Numer ISBN
    • 9788382863017 Find
040 -Instytucja sporządzająca opis [ , ]
    • a
    • Instytucja, która sporządziła opis (NP)
    • SIEDL 001/WS
    • b
    • Język katalogowania
    • pol
    • e
    • Zasady katalogowania
    • rda
    • c
    • Instytucja, która sporządziła rekord (NP)
    • SIEDL 001/WS
    • d
    • Instytucja, która zmodyfikowała rekord (P)
    • GD U/Doros
    • d
    • Instytucja, która zmodyfikowała rekord (P)
    • WA 14/MBs
942 -Rodzaj dokumentu [ , ]
    • c
    • Rodzaj dokumentu
    • Książka
245 -Strefa tytułu i oznaczenia odpowiedzialności [0,0]
    • a
    • Tytuł
    • Odpowiedzialność osób zarządzających podmiotami gospodarczymi : Find
    • b
    • Ciąg dalszy tytułu (NP)
    • ujęcie publicznoprawne / Find
    • c
    • Pozostałe elementy strefy tytułu i oznaczenia odpowiedzialności (NP)
    • redakcja naukowa Jadwiga Glumińska-Pawlic ; [autorzy] Jadwiga Glumińska-Pawlic, Marek Mikuła, Artur Oleś.
250 -Strefa wydania [ , ]
    • a
    • Oznaczenie wydania (NP)
    • Stan prawny na 1 kwietnia 2022 r.
260 -Strefa adresu wydawniczego [ , ]
    • a
    • Miejsce wydania (P)
    • Warszawa :
    • b
    • Nazwa wydawcy (P)
    • Wolters Kluwer,
    • c
    • Data wydania (P)
    • 2022.
300 -Strefa opisu fizycznego [ , ]
    • a
    • Określenie formy książki i/lub objętość (NP)
    • 225, [2] strony ;
    • c
    • Format (NP)
    • 25 cm.
336 -Typ zawartości [ , ]
    • a
    • Termin opisujący typ zawartości
    • Tekst
    • b
    • Kod określający zawartość
    • txt
    • 2
    • Źródło (terminu i kodu)
    • rdacontent
337 -Typ mediów [ , ]
    • a
    • Tryb odtwarzania
    • Bez urządzenia pośredniczącego
    • b
    • Kod typu mediów
    • n
    • 2
    • Źródło (terminu i kodu)
    • rdamedia
338 -Typ/rodzaj nośnika [ , ]
    • a
    • Hasło opisujące typ nośnika
    • Wolumin
    • b
    • Kod typu nośnika
    • nc
    • 2
    • Źródło (terminu i kodu)
    • rdacarrier
380 -Deskryptor - Forma dzieła (P) [ , ]
    • a
    • forma dzieła (NP)
    • Książki
380 -Deskryptor - Forma dzieła (P) [ , ]
    • a
    • forma dzieła (NP)
    • Publikacje fachowe
380 -Deskryptor - Forma dzieła (P) [ , ]
    • a
    • forma dzieła (NP)
    • Publikacje naukowe
385 -Deskryptor - grupa odbiorców (P) [ , ]
    • a
    • termin określający odbiorcę (P)
    • Adwokaci
385 -Deskryptor - grupa odbiorców (P) [ , ]
    • a
    • termin określający odbiorcę (P)
    • Doradcy podatkowi
385 -Deskryptor - grupa odbiorców (P) [ , ]
    • a
    • termin określający odbiorcę (P)
    • Menedżerowie i menedżerki
385 -Deskryptor - grupa odbiorców (P) [ , ]
    • a
    • termin określający odbiorcę (P)
    • Prawnicy i prawniczki
385 -Deskryptor - grupa odbiorców (P) [ , ]
    • a
    • termin określający odbiorcę (P)
    • Radcy prawni
385 -Deskryptor - grupa odbiorców (P) [ , ]
    • a
    • termin określający odbiorcę (P)
    • Urzędniczki i urzędnicy
388 -Deskryptor - czas powstania dzieła (P) [1, ]
    • a
    • Czas powstania dzieła (NP)
    • 2001-
504 -Uwaga dot. bibliogr. załącznikowej [ , ]
    • a
    • Uwaga dot. bibliografii załącznikowej
    • Bibliografia na stronach 221-225.
530 -Uwaga dot. innej postaci fizycznej dokumentu [ , ]
    • a
    • Uwaga dot. innej postaci fizycznej dokumentu
    • Książka dostępna również jako e-book.
648 -Hasło przedmiotowe - chronologia [ ,7]
    • a
    • Deskryptor chronologiczny
    • 2001-
    • 2
    • Źródło terminu
    • DBN
    • 9
    • KHW
    • 721449
650 -Hasło przedmiotowe [ ,7]
    • a
    • Hasło przedmiotowe
    • Odpowiedzialność.
    • 2
    • Źródło terminu
    • kaba
    • 9
    • KHW
    • 122038
650 -Hasło przedmiotowe [ ,7]
    • a
    • Hasło przedmiotowe
    • Odpowiedzialność (prawo).
    • 2
    • Źródło terminu
    • kaba
    • 9
    • KHW
    • 122039
650 -Hasło przedmiotowe [ ,7]
    • a
    • Hasło przedmiotowe
    • Sankcje administracyjne.
    • 2
    • Źródło terminu
    • kaba
    • 9
    • KHW
    • 129745
650 -Hasło przedmiotowe [ ,7]
    • a
    • Hasło przedmiotowe
    • COVID-19
    • 2
    • Źródło terminu
    • DBN
    • 9
    • KHW
    • 724281
650 -Hasło przedmiotowe [ ,7]
    • a
    • Hasło przedmiotowe
    • Dyscyplina finansów publicznych
    • 2
    • Źródło terminu
    • DBN
    • 9
    • KHW
    • 725465
650 -Hasło przedmiotowe [ ,7]
    • a
    • Hasło przedmiotowe
    • Odpowiedzialność prawna
    • 2
    • Źródło terminu
    • DBN
    • 9
    • KHW
    • 733585
650 -Hasło przedmiotowe [ ,7]
    • a
    • Hasło przedmiotowe
    • Prawo karne finansowe
    • 2
    • Źródło terminu
    • DBN
    • 9
    • KHW
    • 729604
650 -Hasło przedmiotowe [ ,7]
    • a
    • Hasło przedmiotowe
    • Przestępczość gospodarcza
    • 2
    • Źródło terminu
    • DBN
    • 9
    • KHW
    • 738804
650 -Hasło przedmiotowe [ ,7]
    • a
    • Hasło przedmiotowe
    • Sankcja administracyjna
    • 2
    • Źródło terminu
    • DBN
650 -Hasło przedmiotowe [ ,7]
    • a
    • Hasło przedmiotowe
    • Zobowiązanie podatkowe
    • 2
    • Źródło terminu
    • DBN
    • 9
    • KHW
    • 725603
651 -Hasło przedmiotowe w formie nazwy geograficznej [ ,7]
    • a
    • Nazwa geograficzna
    • Polska
    • 2
    • Źródło terminu
    • DBN
    • 9
    • KHW
    • 721438
655 -Hasło w funkcji tematu formalnego [ ,7]
    • a
    • Hasło
    • Monografia
    • 2
    • Źródło terminu
    • DBN
    • 9
    • KHW
    • 721273
658 -Ujęcie treści [ , ]
    • a
    • dziedzina nauki i sztuki/ sfera aktywności życiowej
    • Prawo i wymiar sprawiedliwości
700 -Hasło dodatkowe - nazwa osobowa [1, ]
    • a
    • Nazwa osobowa (NP)
    • Glumińska-Pawlic, Jadwiga. Find
    • e
    • Określenie rodzaju współpracy
    • Autor
    • e
    • Określenie rodzaju współpracy
    • Redakcja
    • 9
    • KHW
    • 43331
700 -Hasło dodatkowe - nazwa osobowa [1, ]
    • a
    • Nazwa osobowa (NP)
    • Mikuła, Marek. Find
    • e
    • Określenie rodzaju współpracy
    • Autor
    • 9
    • KHW
    • 645713
700 -Hasło dodatkowe - nazwa osobowa [1, ]
    • a
    • Nazwa osobowa (NP)
    • Oleś, Artur. Find
    • e
    • Określenie rodzaju współpracy
    • Autor
    • 9
    • KHW
    • 645712
710 -Hasło dodatkowe - nazwa ciała zbiorowego [2, ]
    • a
    • Nazwa ciała zbiorowego lub nazwa geograficzna jako pierwszy element (NP)
    • Wolters Kluwer Polska.
    • e
    • Rodzaj współpracy
    • Wydawca
    • 4
    • Kod relacji
    • pbl
    • 9
    • KHW
    • 52677
920 -ISBN [ , ]
    • a
    • ISBN
    • 978-83-8286-301-7 Find
Lokalizacja Status udost. Sygnatura Data inwentaryzacji Numer inwentarzowy
BSA1SA.261282022-09-30SA.26128